Those 70's Shows Quiz Stats

 Plays Quiz not verified by Sporcle

Challenge
Share
Tweet
Embed
Score 0/23 Timer 10:00
0 Plays Today
Character 70s Show % Correct
Arthur FonzarelliHappy Days
96.3%
Wilhelm KlinkHogan's Heroes
85.2%
Mike StivicAll in the Family
83.3%
Walter O'ReillyMASH
83.3%
Ted BaxterThe Mary Tyler Moore Show
81.5%
Lamont SanfordSanford and Son
81.5%
Mary Ellen Walton WillardThe Waltons
81.5%
Hoss CartwrightBonanza
77.8%
Merril StubingThe Love Boat
77.8%
Shirley FeeneyLaverne & Shirley
75.9%
Janet WoodThree's Company
72.2%
Roscoe P. ColtraneThe Dukes of Hazzard
70.4%
Character 70s Show % Correct
Alice NelsonThe Brady Bunch
68.5%
Steve McGarrettHawaii Five-O
68.5%
Larry TateBewitched
63%
Helen WillisThe Jeffersons
53.7%
Kelly GarrettCharlie's Angels
50%
Mindy Beth McConnellMork & Mindy
44.4%
Howard BordenThe Bob Newhart Show
35.2%
Hank KimballGreen Acres
24.1%
Vince CarterGomer Pyle USMC
20.4%
Murray GreshnerThe Odd Couple
18.5%
Galen StoneGunsmoke
16.7%

You're not logged in!

Compare scores with friends on all Sporcle quizzes.
OR
Log In

You Might Also Like...

Show Comments

Extras

Created Nov 21, 2014ReportNominate
Tags:Show Quiz, character

Top Quizzes Today


Score Distribution

Your Account Isn't Verified!

In order to create a playlist on Sporcle, you need to verify the email address you used during registration. Go to your Sporcle Settings to finish the process.

Report this User

Report this user for behavior that violates our Community Guidelines.

Details: